000 00384nam a22001337a 4500
999 _c54968
_d54968
008 200203b ||||| |||| 00| 0 eng d
041 _aeng
080 _a043.3
082 _a043.3
100 _a0
101 _aMTH
245 _aPerspektiva Globale e Energjisë alternative- mundësitë dhe vlerësimi Ekonomik i shndërrimit të Energjisë në Kosovë
_cFondaj,F
942 _2udc
_cBK